<?xml version="1.0" encoding="UTF-8"?>
<record
    xmlns:xsi="http://www.w3.org/2001/XMLSchema-instance"
    xsi:schemaLocation="http://www.loc.gov/MARC21/slim http://www.loc.gov/standards/marcxml/schema/MARC21slim.xsd"
    xmlns="http://www.loc.gov/MARC21/slim">

  <leader>00251nam a2200097Ia 4500</leader>
  <controlfield tag="001">644265</controlfield>
  <controlfield tag="005">20250826153601.0</controlfield>
  <controlfield tag="008">250824s9999    xx            000 0 und d</controlfield>
  <datafield tag="245" ind1=" " ind2="0">
    <subfield code="a">&#xC7;&#x130;&#xC7;EKLER SUSAYINCA</subfield>
    <subfield code="c">AHMED G&#xDC;NBAY YILDIZ</subfield>
  </datafield>
  <datafield tag="260" ind1=" " ind2=" ">
    <subfield code="b">T&#x130;MA&#x15E; K&#xDC;LT&#xDC;R</subfield>
  </datafield>
  <datafield tag="999" ind1=" " ind2=" ">
    <subfield code="c">644265</subfield>
    <subfield code="d">644265</subfield>
  </datafield>
  <datafield tag="952" ind1=" " ind2=" ">
    <subfield code="0">0</subfield>
    <subfield code="1">0</subfield>
    <subfield code="2">ddc</subfield>
    <subfield code="4">0</subfield>
    <subfield code="7">0</subfield>
    <subfield code="a">1047</subfield>
    <subfield code="b">1047</subfield>
    <subfield code="d">2025-09-16</subfield>
    <subfield code="l">2</subfield>
    <subfield code="p">2018</subfield>
    <subfield code="q">2025-10-03</subfield>
    <subfield code="r">2025-09-18 13:19:14</subfield>
    <subfield code="s">2025-09-18</subfield>
    <subfield code="w">2025-09-16</subfield>
    <subfield code="y">BK</subfield>
  </datafield>
  <datafield tag="952" ind1=" " ind2=" ">
    <subfield code="0">0</subfield>
    <subfield code="1">0</subfield>
    <subfield code="2">ddc</subfield>
    <subfield code="4">0</subfield>
    <subfield code="7">0</subfield>
    <subfield code="a">1039</subfield>
    <subfield code="b">1039</subfield>
    <subfield code="d">2025-12-22</subfield>
    <subfield code="l">1</subfield>
    <subfield code="o">A1</subfield>
    <subfield code="p">10392138</subfield>
    <subfield code="r">2026-01-12 11:08:15</subfield>
    <subfield code="s">2025-12-22</subfield>
    <subfield code="w">2025-12-22</subfield>
    <subfield code="y">BK</subfield>
  </datafield>
</record>
